Technologie jaderných paliv 2

Salvato in:
Dettagli Bibliografici
Autore principale: Štamberg, Karel (Autore)
Natura: Libro
Lingua:ceco
Pubblicazione: Praha : České vysoké učení technické v Praze, 1998
Soggetti:
Tags: Aggiungi Tag
Nessun Tag, puoi essere il primo ad aggiungerne!!

MARC

LEADER 00000nam a22000003a 4500
001 stu74220
005 20150617225647.3
008 020225s1998----xr------------------cze-d
020 |a 80-01-01885-7 
040 |a STU  |b slo 
041 0 |a cze 
044 |a xr 
080 |a 621.039.63 
100 1 |a Štamberg, Karel  |4 aut 
245 1 |a Technologie jaderných paliv 2 
260 |a Praha :  |b České vysoké učení technické v Praze,  |c 1998 
300 |a 150 s 
650 7 |a jadrové palivá  |2 stusub 
650 7 |a jadrové reaktory  |2 stusub 
996 |b 284EK84341  |c E*84341  |l EE01  |s A  |a 24  |w stu74220_0001